El subarriendo de viviendas y locales de negocio en la vigente Ley de Arrendamientos Urbanos de 13 de abril de 1956 (Record no. 109638)

MARC details
000 -LEADER
campo de control de longitud fija 00756nam a2200181 4500
001 - NÚMERO DE CONTROL
campo de control 109638
003 - IDENTIFICADOR DE NÚMERO DE CONTROL
campo de control ES-MaACL
005 - FECHA Y HORA DE LA ÚLTIMA TRANSACCIÓN
campo de control 20230906184900.0
007 - CAMPO FIJO DE DESCRIPCIÓN FÍSICA--INFORMACIÓN GENERAL
campo de control de longitud fija t|
008 - DATOS DE LONGITUD FIJA--INFORMACIÓN GENERAL
campo de control de longitud fija 061121s1957 sp r ||||1| spa d
100 1# - ENTRADA PRINCIPAL--NOMBRE DE PERSONA
Nombre de persona Miura Casas, José.
9 (RLIN) 81723
245 13 - MENCIÓN DEL TÍTULO
Título El subarriendo de viviendas y locales de negocio en la vigente Ley de Arrendamientos Urbanos de 13 de abril de 1956
Resto del título : (de interés para los arrendadores, arrendatarios, inquilinos y subarrendatarios) /
Mención de responsabilidad, etc. José Miura Casas; con la colaboración de Domingo Lozano López.
260 ## - PUBLICACIÓN, DISTRIBUCIÓN, ETC.
Lugar de publicación, distribución, etc. Madrid :
Nombre del editor, distribuidor, etc. [s. n.],
Fecha de publicación, distribución, etc. 1957.
300 ## - DESCRIPCIÓN FÍSICA
Extensión 75 p. ;
Dimensiones 22 cm.
505 8# - NOTA DE CONTENIDO CON FORMATO
Nota de contenido con formato Precede al tít. (Tratado de vulgarización)
700 1# - ENTRADA AGREGADA--NOMBRE PERSONAL
Nombre de persona Lozano López, Domingo.
9 (RLIN) 74451
852 ## - LOCALIZACIÓN
Ubicación ES-MaACL
Número de control de estantería 1994-F-18
Sublocalización o colección R.40453
Holdings
Estatus retirado Estado de pérdida Estado de daño No para préstamo Colección Biblioteca de origen Biblioteca actual Ubicación en estantería Fecha de adquisición Fuente de adquisición Total de préstamos Signatura topográfica completa Código de barras Visto por última vez Precio de reemplazo Tipo de ítem Koha
        Colección de folletos Biblioteca del Ateneo de Madrid Biblioteca del Ateneo de Madrid Depósito folletos 17/01/2008     1994-F-18 1114394 23/02/2023 23/02/2023 Folleto